Dragon Tears of Tears of the Kingdom (TOTK) - Statistics

General Stats
  • This quiz has been taken 3 times
  • The average score is 5 of 12
Answer Stats
Geoglyph Name % Correct
Master Sword "A Master Sword in Time"
67%
Temple of Time "An Unfamiliar World"
67%
Demon King "Birth of the Demon King"
67%
Rauru "Where am I?"
67%
Gravestone "A King's Duty"
33%
Ganondorf "A Show of Fealty"
33%
Purah Pad "Mineru's Counsel"
33%
Dagger "Sonia is Caught by Treachery"
33%
Final (None) "Tears of the Dragon"
33%
Secret Stone "The Sages' Vow"
33%
Sonia "Zelda and Sonia"
33%
Molduga "The Gerudo Assault"
0%
No matching quizzes found
Score Distribution
Percent of People with Each Score
Percentile by Number Answered
Your Score History
You have not taken this quiz